Wild side (Record no. 5187)

MARC details
000 -CABECERA
campo de control de longitud fija 01888nam a22002657a 4500
008 - DATOS DE LONGITUD FIJA--INFORMACIÓN GENERAL
campo de control de longitud fija 251118b |||||||| |||| 00| 0 eng d
020 ## - NÚMERO INTERNACIONAL ESTÁNDAR DEL LIBRO
Número Internacional Estándar del Libro 9780349441672
040 ## - FUENTE DE LA CATALOGACIÓN
Centro/agencia transcriptor tbs
041 ## - CÓDIGO DE LENGUA
Código de lengua del texto/banda sonora o título independiente eng
050 ## - SIGNATURA TOPOGRÁFICA DE LA BIBLIOTECA DEL CONGRESO
Número de clasificación PR9199.4.S5436
Número de documento/Ítem W55 2025
100 ## - ENTRADA PRINCIPAL--NOMBRE DE PERSONA
Nombre de persona Silver, Elsie
9 (RLIN) 26533
Término indicativo de función/relación author
245 ## - MENCIÓN DE TÍTULO
Título Wild side
Mención de responsabilidad, etc. / Elsie Silver.
260 ## - PUBLICACIÓN, DISTRIBUCIÓN, ETC.
Lugar de publicación, distribución, etc. London :
Nombre del editor, distribuidor, etc. Piatkus,
Fecha de publicación, distribución, etc. 2025.
300 ## - DESCRIPCIÓN FÍSICA
Extensión 453 pages ;
Otras características físicas map ;
Dimensiones 21 cm.
490 ## - MENCIÓN DE SERIE
Mención de serie Rose Hill series ;
Designación de volumen o secuencia bk. 3
520 ## - SUMARIO, ETC.
Sumario, etc. She's always dreamed of her wedding day. And those dreams never included saying "I do" to a man she hates. But when Tabitha's nephew's guardianship is contested, she decides she'll do whatever it takes to keep him in Rose Hill. Even if it means marrying the enemy. Rhys Dupris. A man who is secretive, broody, and completely infuriating. A man whose work takes him away for weeks on end and brings him back covered in mysterious bruises -- ones he won't talk about. In fact, Tabitha and Rhys barely talk at all. Which would be fine, except when he's not talking, he's staring. And the way he looks at her is borderline indecent. The tension between them has always been palpable. But living under the same roof is a dangerous temptation. Tabitha swore she would never forgive him. But that was before she knew the man behind the mask. The one who's fierce and protective. The one who's gentle and patient. The one who shows up for her and her nephew when they need him most. He's not at all who she thought he was. And that makes hating her husband so much harder ... and loving him just a little too easy.
650 #0 - PUNTO DE ACCESO ADICIONAL DE MATERIA--TÉRMINO DE MATERIA
Término de materia o nombre geográfico como elemento de entrada Guardian and ward
Subdivisión de forma Fiction
9 (RLIN) 26534
650 #0 - PUNTO DE ACCESO ADICIONAL DE MATERIA--TÉRMINO DE MATERIA
Término de materia o nombre geográfico como elemento de entrada Man-woman relationships
Subdivisión de forma Fiction
9 (RLIN) 11134
650 #0 - PUNTO DE ACCESO ADICIONAL DE MATERIA--TÉRMINO DE MATERIA
Término de materia o nombre geográfico como elemento de entrada Marriage
Subdivisión de forma Fiction
9 (RLIN) 26149
650 #0 - PUNTO DE ACCESO ADICIONAL DE MATERIA--TÉRMINO DE MATERIA
Término de materia o nombre geográfico como elemento de entrada Nephews
Subdivisión de forma Fiction
9 (RLIN) 26535
650 #0 - PUNTO DE ACCESO ADICIONAL DE MATERIA--TÉRMINO DE MATERIA
Término de materia o nombre geográfico como elemento de entrada Secrecy
Subdivisión de forma Fiction
9 (RLIN) 25722
650 #0 - PUNTO DE ACCESO ADICIONAL DE MATERIA--TÉRMINO DE MATERIA
Término de materia o nombre geográfico como elemento de entrada Small cities
Subdivisión de forma Fiction
9 (RLIN) 26201
655 #0 - TÉRMINO DE INDIZACIÓN--GÉNERO/FORMA
Datos o término principal de género/forma Romance fiction
9 (RLIN) 22778
942 ## - ELEMENTOS DE ENTRADA AGREGADA (KOHA)
Fuente del sistema de clasificación o colocación Clasificación de Library of Congress
Holdings
Estado de retiro Estado de pérdida Fuente del sistema de clasificación o colocación Estado dañado No para préstamo Biblioteca de origen Biblioteca actual Fecha de adquisición Total de préstamos Signatura topográfica completa Código de barras Fecha visto por última vez Número de copia Precio válido a partir de Tipo de ítem Koha
    Clasificación de Library of Congress     TBS Barcelona TBS Barcelona 18/11/2025   P-EN SIL B05630 18/11/2025 1 18/11/2025 Book

Powered by Koha